[Event "Donetsk m"]
[Site "Donetsk"]
[Date "2001.01.20"]
[Round "5"]
[White "Ponomariov, Ruslan"]
[Black "Kortschnoj, Viktor Lvovich"]
[Result "1/2-1/2"]
[WhiteElo "2677"]
[BlackElo "2639"]
[Annotator "Golod,V"]
[PlyCount "126"]
[EventDate "2001.01.16"]
[EventType "match"]
[EventRounds "8"]
[EventCountry "UKR"]
[SourceTitle "CBM 081"]
[Source "ChessBase"]
[SourceDate "2001.03.20"]
[SourceVersion "1"]
[SourceVersionDate "2001.03.20"]
[SourceQuality "1"]

1. e4 c5 2. Nf3 Nc6 3. d4 cxd4 4. Nxd4 Nf6 5. Nc3 e6 6. Ndb5 Bb4 7. a3 Bxc3+ 8.
Nxc3 d5 9. Bd3 {[%mdl 4] White first turns from the mainline theoretical
variation.} (9. exd5 $142 {It's main line.}) 9... d4 $5 {rare move.} ({More
popular is:} 9... dxe4 10. Nxe4 Nxe4 11. Bxe4 Qxd1+ 12. Kxd1 {for example:} Bd7
13. Be3 $132 {1-0 Fischer,R-Bolbochan,J/Mar del Plata 1959/ (50) and various
other games.}) 10. Ne2 e5 $132 {simply and good move. Black opens Bc8 and
places PP on the black squares in view of factor of black-squares B exchange.}
(10... Qa5+ 11. Bd2 Qb6 12. b4 O-O 13. O-O Bd7 14. f4 Rac8 15. Ng3 $132 {
1/2-1/2 De Firmian,N-Khmelnitsky,I/USA-ch Modesto 1995/CBM 51_08/ (62)}) (10...
O-O 11. f4 e5 (11... Nd7 12. O-O Nc5 13. b4 Nxd3 14. Qxd3 e5 15. b5 Ne7 16.
fxe5 $16 {1/2-1/2 Luo Wei-Baltag,I/Artek UKR 1999 (51)}) 12. O-O Ng4 $132) 11.
O-O O-O 12. h3 Re8 $146 (12... Nh5 $4 13. Nxd4 {[%csl Rh5]
Bojkovic-Paaasikangas/Subotica,1991(1-0) (31)}) 13. Ng3 ({Unpleasant for Black
seems} 13. Bg5 {[%cal Gg5d8] but after} h6 14. Bh4 {and then} g5 $1 15. Bg3 Nh5
$1 16. Bh2 Nf4 $11 {Black has good position.}) 13... Nd7 {Preventing the next
move.} (13... Be6 $5 {/\Nd7}) 14. f4 exf4 15. Bxf4 Nde5 {[%csl Ge5]} 16. Qh5 f6
{[%csl Ge5] e5 important blockade square possession makes position of black at
least equal.} 17. b4 Be6 18. b5 {makes weaknesses on the queenside.} Bf7 19.
Qe2 Na5 20. Nf5 Bg6 ({or} 20... Be6 $5 $132) 21. Nh4 Rc8 (21... Bf7 22. Nf5 Bg6
$11) 22. Bxe5 Rxe5 (22... fxe5 $6 23. Nxg6 hxg6 $14 {[%csl Rg6,Rg7]}) 23. Nf3
$6 $15 (23. Nxg6 hxg6 $11) 23... Re7 24. Rae1 Rc3 {[%csl Ra3]} 25. e5 {White
had to play actively!} (25. Qf2 $143 Nc4 26. Qxd4 Qxd4+ 27. Nxd4 Nxa3 28. Rd1 (
28. Ra1 Rd7 $17 (28... Bxe4 29. Rfe1 $16)) 28... a5 29. bxa6 bxa6 $15) 25...
Bxd3 26. cxd3 Nb3 $1 (26... Rxa3 27. Ra1 Rxa1 28. Rxa1 b6 29. Qa2+ Kh8 30. exf6
gxf6 $44) 27. Qa2 {[%csl Rb3][%cal Ga2g8]} Kh8 28. exf6 gxf6 29. Nh4 Qe8 $6
$132 {Dropping all advantage.} ({Strong was} 29... Rxd3 $1 30. Nf5 Rxe1 31.
Rxe1 Qg8 $1 $15) 30. Qf2 Rxe1 31. Rxe1 Qxe1+ 32. Qxe1 Rc1 33. Kf2 Rxe1 34. Kxe1
a5 35. bxa6 bxa6 36. Ke2 (36. Nf5 a5 $11) 36... a5 37. Nf5 a4 {[%csl Ra3]} 38.
Kf3 Nd2+ 39. Kf4 Nb1 40. Ke4 (40. Nxd4 Nxa3 $11) 40... Nxa3 41. Kxd4 Kg8 42.
Ne3 Nb5+ 43. Kc4 Nc7 $1 {[%cal Gc7e6,Ge6f4]} 44. Kb4 Ne6 45. Nc2 (45. Nd5 Kf7
46. Kxa4 Nc5+ $11 {[%csl Rd3]}) 45... Kf7 46. Ne1 Kg6 47. Kxa4 Kf5 48. Kb5 Kf4
49. Kc6 (49. Kc4 Kg3 50. Kd5 Ng7 $11) 49... Kg3 50. Kd5 Ng7 51. Kd6 (51. Ke4
Kf2 $11 {[%csl Rg2]}) 51... Kf2 52. Ke7 {Makes draw by force.} Kxe1 53. Kxf6
Ne8+ 54. Kf7 Nc7 55. g4 Kf2 56. Kg7 Kg3 57. Kxh7 Kxh3 58. g5 Ne6 59. g6 Kg4 60.
d4 Kf5 61. Kh6 (61. d5 Nf8+ $11) 61... Ke4 62. g7 Nxg7 63. Kxg7 Kxd4 1/2-1/2

[Event "Drammen Smartfish Masters"]
[Site "Drammen"]
[Date "2005.01.05"]
[Round "9"]
[White "Shirov, Alexei"]
[Black "Macieja, Bartlomiej"]
[Result "1-0"]
[WhiteElo "2726"]
[BlackElo "2613"]
[Annotator "Golod,V"]
[PlyCount "65"]
[EventDate "2004.12.27"]
[EventType "tourn"]
[EventRounds "9"]
[EventCountry "NOR"]
[EventCategory "14"]
[SourceTitle "CBM 105"]
[Source "ChessBase"]
[SourceDate "2005.04.11"]
[SourceVersion "1"]
[SourceVersionDate "2005.04.11"]
[SourceQuality "1"]

1. e4 c5 2. Nf3 e6 3. d4 cxd4 4. Nxd4 Nc6 5. Nc3 Bb4 6. Nxc6 dxc6 ({IM Maxim
Notkin makes the following comments in www.chesstoday.net: " In the event of:} 
6... bxc6 {White replies:} 7. Qd4 $1 {and Black faces an unpleasant choice -
to take the bishop back to its initial position or to trade it for the knight
without obtaining any evident compensation ". Further I shall designate
comments of Maxim Notkin- M.N.}) 7. Qxd8+ {M.N." To tie for the first in the
tournament Shirov needed a win.Nevertheless he isn't afraid of the exchange of
queens ".} Kxd8 8. e5 $5 {M.N." A concrete move which hampers Black's
development ". Comments to this part of the game and also to:} (8. Bd2 $5) ({
and} 8. Bf4 {you can find in my annotations to Lastin,A-Hasangatin,R/Krasnodar,
2002/CBM 91(1/2-1/2)(39)}) 8... Bxc3+ ({I can not recommended in this position:
} 8... f6 $6 9. Bf4 Ke8 10. O-O-O Bxc3 11. bxc3 fxe5 12. Bxe5 Nf6 13. Be2 Rf8
14. Rd4 $14 {Dukaczewski,P-Zoltek,T/Linares,2001(1-0)(43)}) 9. bxc3 b6 ({
It deserves serious attention:} 9... c5 $5 10. Bg5+ Kc7 11. O-O-O (11. Bb5 a6
12. Be2 h6 13. Bh4 g5 14. Bg3 Ne7 $11 {Mihevc,N-Kaps,D/Bled,2004(0-1)(28)})
11... Bd7 12. Bd3 Bc6 13. f3 h6 14. Bh4 Re8 {/\Ne7}) 10. Bg5+ Kc7 ({M.N."} 
10... f6 11. O-O-O+ Ke8 12. Bh4 {favours White ".}) 11. O-O-O $146 {White have
hidden the king and now can quietly begin game on centre and king side.
According to my database it's a novelty.In previous game White chose:} (11. Be2
Bb7 12. f4 f6 13. Bh4 fxe5 14. fxe5 Nh6 15. g4 Raf8 {with a counterplay along
the <->f. Markidis,K-Bousios,H/Aghia Pelagia,2004(1/2-1/2)(37)}) 11... Bb7 12.
h4 {M.N." The kingside expansion of the French Defence kind ".} h6 {M.N." It's
time to develop the knight ".} 13. Bd2 Ne7 14. h5 {Differently,on the
following move (14...h5) Black can to close white's play in the king side.} Nf5
({M.N." After g2-g4 the knight will be forced to step back.Moreover the
advance of the g-pawn is in White's plans but on:} 14... c5 {Black may dislike:
} 15. Rh4 {with active possibilities for the white rook along the 4th rank ".})
15. Bd3 Rae8 (15... c5 $5 16. Rh2 Rad8 17. g4 Ne7 18. g5 {with the idea to
create a weaknesses in the king side (Pf7,Ph6).}) 16. g4 Ne7 17. g5 {M.N." To
play for a win White should create a weakness his opponent's kingside ".} c5 {
/^a8-h1} 18. Rh3 {[%csl Yh3][%cal Gd1g1] The game of White corresponds to the
requirements of a position.} hxg5 ({M.N." Or:} 18... Nf5 19. Rg1 {with the
same ideas ".}) 19. Bxg5 Nf5 {All Black's pieces are located ideally.} ({
M.N." An attempt to attack the h5 pawn via:} 19... Bg2 {deserves consideration.
After:} 20. Rg3 (20. Rh2 $143 Bf3) 20... Bd5 21. c4 {To protect the a-pawn
just in case.} Bc6 22. Bxe7 Rxe7 23. Be2 ({in case of:} 23. Rxg7 $143 Rxh5 24.
f4 (24. Bg6 $2 Rxe5) 24... Rd7 25. Be2 Rxd1+ 26. Bxd1 Rf5 27. Bg4 Rxf4 28. Bxe6
Be8 {the ending is equal.}) 23... f6 24. Rdg1 Rh7 25. exf6 gxf6 {White obtains
a passed pawn though to advance it isn't easy.Nevertheless the text move is
more reliable ".}) 20. Bf4 {[%cal Gd1g1] It's necessary to open a <->g for
second white's rook.} Kc8 {M.N." The king should be taken away from the
bishop's rays ".} ({M.N." Here:} 20... Bg2 $2 {runs into:} 21. Bxf5 Bxh3 (21...
exf5 22. Rg3 {winning the g7 and f7 pawns.}) 22. Bxh3 Rxh5 23. Bg2 {+/=/+/- ".}
) 21. Rg1 Rh7 $11 {M.N." This is not a mistake,but Shirov immediately exploits
a tactical motif created by this move ".} ({M.N."} 21... Reg8 {looks somewhat
tedious but I believe it was more sound e.g. :} 22. Rg5 Kd7 $5 ({or} 22... Ne7
23. Rhg3 g6 {with good chances for a draw.}) 23. Bxf5 exf5 24. Rxf5 Ke6 25. Rg5
Rh7 26. h6 Be4 {followed by Bg6 and White is unable to convert the extra pawn
".}) 22. h6 $5 {It's rather difficult to support a initiative without this
temporary sacrifice of pawn.} gxh6 23. Rh5 Rg7 $2 {Painful blunder leading to
very hard position. M.N." It appears that the direct protection against Rxf5
is insufficient ".} ({M.N."} 23... Rhh8 {didn't help either:} 24. Rxf5 $1 exf5
25. Bxf5+ Re6 ({M.N." If:} 25... Kc7 26. e6+ Kc6 ({funny is:} 26... Kc8 27. e7#
) 27. exf7 Ref8 28. c4 $1 {with a decisive advantage. "}) (25... Kd8 $2 26.
Rd1+ Kc7 $8 (26... Ke7 27. Rd7+ Kf8 28. Rxb7) 27. e6+ Kc6 28. exf7 Re7 (28...
Ref8 $2 29. Bd7#) 29. Rd6+ Kb5 30. Rd7 $1 $18) 26. Rg7 $1 Rf8 ({after:} 26...
Kb8 27. Rxf7 Bd5 28. Bxe6 Bxe6 29. Rf6 Bxa2 30. Bxh6 {followed by Bf8-d6 and
f4-f5 Black finds himself in a difficult ending but perhaps it's the best he
can get.}) 27. Bxh6 $1 Rh8 28. Rxf7 $1 ({less clear is:} 28. Bf4 Rf8 29. Rxf7
Rxf7 30. Bxe6+ Rd7 {where the ending with opposite colour bishops is drawn
while playing with two bishops and two connected pawns White may not convert
his advantage.}) 28... Rhxh6 29. Rf6 Rhxf6 30. exf6 Kd7 31. f7 Ke7 32. Bxe6 {
and White wins."}) ({M.N." The correct defence was:} 23... Rd8 $1 {and} 24.
Rxf5 {is parried by:} Rxd3 {".}) 24. Rxg7 Nxg7 25. Rxh6 $16 Rf8 $2 {The wrong
decision,but Black,already can not equalize a position.} ({M.N." The power of
the white bishops is seen in the line:} 25... Nf5 26. Rh7 Re7 (26... Rf8 27.
Bxf5 exf5 28. e6 $1 Bd5 29. Bh6 $18) 27. Bg5 Rd7 28. Bb5 {[%csl Yd7,Rf7][%cal
Gb5d7,Yd7f7] ."}) ({M.N." The last chance lay in:} 25... Bc6 $5 26. Rh7 Rg8 27.
Bh6 (27. Bg5 Be8 28. f4 Nf5 $16) 27... Nf5 28. Bxf5 exf5 29. Rxf7 Bd7 30. f4
$16 {."}) ({In this position I would accept the following decision:} 25... Rg8
$5 26. Rf6 Nh5 27. Rxf7 Nxf4 28. Rxf4 Rg7 29. Rf6 Kd7 (29... Bd5 $2 30. c4) 30.
Bc4 Re7 31. f4 $16) 26. Rh7 Rg8 ({Immediately loses a game the following move:
} 26... Nf5 $2 {in view of:} 27. Bxf5 $1 exf5 $140 28. e6 Bd5 (28... fxe6 29.
Rc7+ Kb8 $140 30. Rf7+) 29. Bh6 $1 Rg8 30. exf7 $18) 27. Bg5 $1 {[%csl Rf7,Rg7]
[%cal Gg5f6] Now Bf6 is threatened.} (27. Bh6 $143 Nf5 28. Bxf5 exf5 29. Rxf7
Rg6 30. Be3 $16) 27... Ne8 28. f4 Rg7 $8 29. Rh8 Bc6 30. Rf8 {Now Pf7 is
doomed on destruction.} Kd7 31. Kb2 $1 {White prepare Bh6 with all convenience.
} b5 32. Bh6 Rg1 33. Rxf7+ {Pf7 is lost and game is over!} (33. Rxf7+ Kc8 34.
c4 Nc7 35. cxb5 Nxb5 (35... Bxb5 $2 36. Rxc7+ Kxc7 37. Bxb5) 36. Bf8 {[%csl
Rc5]}) 1-0

[Event "Corus"]
[Site "Wijk aan Zee"]
[Date "2001.01.17"]
[Round "4"]
[White "Leko, Peter"]
[Black "Timman, Jan H"]
[Result "1/2-1/2"]
[WhiteElo "2745"]
[BlackElo "2629"]
[Annotator "Golod,V"]
[PlyCount "104"]
[EventDate "2001.01.13"]
[EventType "tourn"]
[EventRounds "13"]
[EventCountry "NED"]
[EventCategory "19"]
[SourceTitle "CBM 081"]
[Source "ChessBase"]
[SourceDate "2001.03.20"]
[SourceVersion "1"]
[SourceVersionDate "2001.03.20"]
[SourceQuality "1"]

1. e4 c5 2. Nf3 Nc6 3. d4 cxd4 4. Nxd4 Nf6 5. Nc3 e6 6. Ndb5 Bb4 7. a3 Bxc3+ 8.
Nxc3 d5 9. exd5 exd5 10. Bd3 O-O 11. O-O d4 12. Ne4 Bf5 13. Bg5 Bxe4 14. Bxe4
h6 15. Bxf6 Qxf6 16. Re1 Rad8 ({Another continuations and opening ideas see in
detailed commented game Leko,P - Kramnik:} 16... Rac8 17. Qh5 b6 18. Rad1 Rfd8
19. Qf5 Qxf5 20. Bxf5 Rc7 21. Rd2 g6 22. Bd3 Kg7 23. g3 Na5 $1 $11 {[%cal
Ga5b7,Gb7c5] See comments to Leko,P-Kramnik,V/Budapest,2001/CBM 81(1/2-1/2) 
(Golod,V)(33)}) 17. Qf3 Qd6 $146 ({Was checked in the previous games:} 17...
Qxf3 18. Bxf3 Na5 (18... d3 19. cxd3 Rxd3 20. Rad1 {+/=/= Aseev,K-Sorokin,M/St.
Petersburg,1993 (1/2-1/2)(51)}) (18... Rd6 19. Rad1 Rfd8 20. Kf1 $14) 19. b4
Nc6 20. Bxc6 bxc6 21. Rad1 $14 {Sonnberger,R-Gaertner,G/Goetzis,1996(1/2-1/2)
(47)}) 18. Qg3 Qxg3 19. hxg3 Rd6 20. Kf1 g6 21. Rad1 Rfd8 22. Bxc6 Rxc6 $1 ({
Badly:} 22... bxc6 $2 23. Re7 R8d7 24. Rxd7 Rxd7 25. Ke2 $16 {[%csl Rc6,Rd4]
[%cal Ge2d3,Gd3c4]}) 23. c3 (23. Rd2 Rdc8 24. Ree2 h5 25. Ke1 $14 {[%csl Gc2,
Rd4][%cal Ge1d1]}) 23... Rcd6 $2 $16 {[%mdl 4096]} ({In my opinion, it was
better:} 23... d3 $1 24. Re3 Rcd6 25. Rd2 $14 {[%csl Rd3] and here it is
difficult for white to add K attack on the only weakness -Pd3. 4R are present
on the board, and this factor makes White task complicated.}) 24. Rxd4 Rxd4 25.
cxd4 Rxd4 26. Re7 Rd2 27. Rxb7 a5 28. g4 ({Much better was:} 28. Ke1 Rc2 29. a4
$1 {Important move! After eventual PP exchange Black R will be on the 3-rd
line.} Rc4 30. b3 Rc2 31. Rb5 Rb2 32. Rxa5 (32. Kd1 Rxf2 33. Rxa5 Rxg2 34. b4
Rxg3 35. b5 Rb3 $132) 32... Rxb3 33. Ra8+ Kg7 34. Kd2 (34. a5 Rb2 35. a6 Ra2
36. g4 $16) 34... Ra3 35. a5 $16) 28... a4 $1 29. g3 Kg7 30. Rb6 h5 $5 {
Right plan! Black wants to change as many as possible PP on the kingside, then
White K will leave the kingside and Black one will attack remaining PP on this
side with draw.} 31. gxh5 $2 $44 ({After} 31. g5 $1 Kf8 (31... Rd5 32. Rb4 $16)
32. Ke1 Rc2 33. Rb4 $16 {It is not easy for Black to recieve counterplay on
the kingside.}) 31... gxh5 32. Kg2 f6 $1 {[%cal Gg7g6]} 33. Kf3 Kg6 34. Rb5 Rc2
35. Ke3 Kh6 36. Kf3 (36. Rb4 $144 Kg5) 36... Kg6 37. Ke3 Kh6 38. Rb4 Kg5 39.
Kf3 Kf5 40. Ke3 Kg5 41. Kf3 Kf5 42. Rxa4 Rxb2 43. Ra5+ Kg6 44. a4 Rb4 $1 {
[%cal Gh5h4]} 45. Ra8 h4 46. Kg2 ({It deserves attention:} 46. gxh4 Rxh4 47. a5
Ra4 48. a6 Kf5 {[%csl Yf5]}) ({and} 46. g4 Rb3+ 47. Kg2 (47. Kf4 Rb4+) 47...
h3+ 48. Kh2 Rf3 49. a5 (49. Kg1 h2+ 50. Kxh2 Rxf2+ 51. Kg3 Ra2) 49... Rxf2+ 50.
Kxh3 Ra2 {[%csl Ya2,Rh3]}) 46... hxg3 47. fxg3 Kg5 48. a5 Ra4 49. Kh3 Kg6 50.
a6 Kg7 51. Kg2 Ra3 52. Kf2 Kh7 1/2-1/2

[Event "Linares Anibal op 08th"]
[Site "Linares"]
[Date "2001.01.08"]
[Round "1"]
[White "Bruzon Batista, Lazaro"]
[Black "Bjelica, Dimitrije"]
[Result "1-0"]
[WhiteElo "2584"]
[BlackElo "2335"]
[Annotator "Golod,V"]
[PlyCount "41"]
[EventDate "2001.01.08"]
[EventType "swiss"]
[EventRounds "11"]
[EventCountry "ESP"]
[SourceTitle "CBM 081"]
[Source "ChessBase"]
[SourceDate "2001.03.20"]
[SourceVersion "1"]
[SourceVersionDate "2001.03.20"]
[SourceQuality "1"]

1. e4 c5 2. Nf3 Nc6 3. d4 cxd4 4. Nxd4 Nf6 5. Nc3 e6 6. Ndb5 Bb4 7. a3 Ba5 $2
$16 {At least very dubious move.} ({Right is} 7... Bxc3+ {-mainline.}) 8. Nd6+
$14 ({Interesting and, probably, much better is:} 8. b4 $1 Bb6 (8... Bc7 9. f4
$5 $16 (9. Nxc7+ Qxc7 10. Bb2 $14 {1-0 Axelsson,P-Lindgren,F/SWE-ch Vaxjo ,EXT
1992/ (25)})) 9. Nd6+ Ke7 10. Nc4 $1 (10. Be2 $6 a6 11. O-O Bd4 12. Nxc8+ Rxc8
13. Qd3 Bxc3 14. Qxc3 Nxe4 15. Qxg7 Qg8 16. Qh6 $14 {1-0 Istrati,I-Toth,L/
EU-chJW U10 Rimavska Sobota 1996/EXT 96ch2/ (63)}) 10... Bd4 11. Nb5 $1 {
this game was played 122 years ago!} d5 (11... Bxa1 12. Qd6+ Ke8 13. Nc7+ Qxc7
14. Qxc7 $18) 12. Nxd4 $16 {1-0 Englisch,B-Paulsen,L/Leipzig DSB 1st Congress
1879 (51) [!]}) 8... Ke7 9. Bf4 Bxc3+ 10. bxc3 Qa5 11. Qd2 b6 $146 ({Was
chesked in the previous games:} 11... Ne8 $5 12. Be2 (12. Nc4 Qa4 13. Bd6+ Nxd6
14. Qxd6+ $14) 12... f6 13. O-O (13. Rd1 Nxd6 14. Bxd6+ $14) 13... e5 14. Nxe8
Rxe8 15. Be3 d6 16. Rfd1 Rd8 17. Bc4 Be6 18. Bxe6 Kxe6 19. Qd5+ Ke7 20. c4 $14
{[%cal Gc4c5] 0-1 Timar,Z-Topolyi,L/cr HUN 1989(42)}) 12. Rd1 Ba6 13. Bxa6 Qxa6
14. h4 Rhd8 $2 (14... Kf8 15. Rh3 Qxa3 16. e5 (16. c4 Qa5) 16... Ng4 (16... Nd5
17. c4 $18) 17. Nxf7 $1 Kxf7 18. Qxd7+ Ne7 19. Rf3 $18) ({Right was} 14... h6
$1 15. Rh3 Qa4 16. e5 Ne4 $1 17. Nxe4 Qxe4+ 18. Kf1 $16) 15. Rh3 $40 Kf8 {
Kf8 leaves without protection and become vulnerable.} ({In other cases also
white has very strong attack:} 15... Qa4 16. e5 (16. c4 Qa5 $14) 16... Nd5 17.
c4 $1 Nxf4 18. Qxf4 $18) ({or} 15... Rg8 16. e5 (16. c4 Qa4 17. Rf3 Qa5 $14)
16... Nd5 17. c4 Nxf4 {[%tqu "En","?","","","d6f5","",10]} 18. Nf5+ $3 exf5 19.
Qxd7+ Kf8 20. Qd6+ Ke8 (20... Ne7 21. Qd8+) 21. Qxc6+ Ke7 22. Rd7+ $18) 16. Bg5
$1 $18 {[%cal Gg5f6]} Qxa3 17. Bxf6 gxf6 18. Qh6+ Ke7 19. Rf3 {[%csl Re7]} f5
20. Qg5+ Kf8 21. Qf6 1-0